00332nam a22001217a 450000500170000002000250001703500320004208200100007410000190008424500520010326000320015530000230018720181119122533.0 a81-7655-116-3c80.00 aB-99510 B-99544 B-99543 aS-AGA aAgarwal, Deepa aAnita & the game of shadows /cby Deepa Agarwal aNew DelhibScholasticc2005 a155p.b22cm. (pbk)